El caminante
Furkejuvvon:
| Váldodahkki: | |
|---|---|
| Materiálatiipa: | Girji |
| Giella: | espánnjágiella |
| Almmustuhtton: |
Barcelona
Bruguera
1981
|
| Preanttus: | 3a. ed |
| Fáttát: | |
| Fáddágilkorat: |
Lasit fáddágilkoriid
Eai fáddágilkorat, Lasit vuosttaš fáddágilkora!
|
MARC
| LEADER | 00000nam a2200000 a 4500 | ||
|---|---|---|---|
| 001 | UCQ4418 | ||
| 003 | CL-VaPUC | ||
| 008 | 980904e19810000SP |||||||||||||||||spa|d | ||
| 082 | 0 | 4 | |a 833 |b HES |2 21 |
| 100 | |a Hesse, Hermann |e autor |9 546760 | ||
| 245 | 1 | 3 | |a El caminante |
| 250 | |a 3a. ed | ||
| 300 | |a 105 p | ||
| 942 | |c BK | ||
| 945 | |d 19980904 00:00:00 |a crobeson | ||
| 260 | |a Barcelona |b Bruguera |c 1981 | ||
| 650 | 0 | |a Novelas alemanas |9 265783 | |
| 650 | 0 | |a Literatura alemana |9 265457 | |
| 583 | |a last modification |c 19980904 00:00:00 |k Rodrigo Vera | ||
| 999 | |c 274794 |d 274792 | ||
| 952 | |0 0 |1 0 |4 0 |6 833_000000000000000_HES_1981 |7 0 |8 A |9 311102 |a BIBEDU |b BIBEDU |d 2019-11-20 |i 1463942 |o 833 HES 1981 |p 1463942 |r 2019-11-20 |w 2019-11-20 |y BK |k LIT | ||